Pezinok - zámok. Obnova, adaptácia a dostavba komplexu

Gespeichert in:
Bibliographische Detailangaben
1. Verfasser: Seidl, Dominik (Verfasst von)
Weitere Verfasser: Botek, Andrej (Betreuung Doktorarbeit)
Format: Manuskript Buch
Sprache:Slowakisch
Veröffentlicht: Bratislava 2017
Schlagworte:
Online-Zugang:http://is.stuba.sk/zp/portal_zp.pl?podrobnosti=128333
Tags: Tag hinzufügen
Keine Tags, Fügen Sie das erste Tag hinzu!

MARC

LEADER 00000ntm a22000003a 4500
001 stuzp63825
003 SK-STU
005 20210216075055.8
007 ta
008 150427s2015----xo-----f-mn---000-0-slo-d
040 |a STU  |b slo 
041 0 |a slo 
100 1 |a Seidl, Dominik  |u 053130  |4 aut  |U FAD Fakulta architektúry  |T FA Ústav dejín a teórie architektúry a obnovy pamiatok  |X 62246  |U A3130  |Y 394  |7 62246 
242 0 1 |a Pezinok - Castle. Restoration, adaptation and completion of the castle complex  |y eng 
245 1 0 |a Pezinok - zámok. Obnova, adaptácia a dostavba komplexu 
260 |c 2017  |a Bratislava 
650 4 |a novotvarová dostavba  |2 slo 
650 4 |a vodný hrad  |2 slo 
650 4 |a Zámok Pezinok  |2 slo 
650 4 |a Pezinok Castle  |2 eng 
650 4 |a water castle  |2 eng 
650 4 |a contemporary completion  |2 eng 
700 1 |a Botek, Andrej  |u 053130  |k Z2  |4 ths  |U FAD Fakulta architektúry  |T FA Ústav dejín a teórie architektúry a obnovy pamiatok  |X 351  |U A3130  |Y 394  |7 A000000351 
856 4 |u http://is.stuba.sk/zp/portal_zp.pl?podrobnosti=128333  |u https://opac.crzp.sk/?fn=detailBiblioForm&sid=E7FF18FD4FFD5019DDFBEB3CC38C